| 000 | 00497nam a22001577a 4500 | ||
|---|---|---|---|
| 003 | OSt | ||
| 005 | 20221026204040.0 | ||
| 008 | 221021b |||||||| |||| 00| 0 eng d | ||
| 040 | _cBiblioteca LadoV | ||
| 082 |
_a700.74 _bG144b |
||
| 100 |
_9208 _aGaitan, Juan A. _ecurador |
||
| 245 | _aExcur-sus/ | ||
| 260 |
_aAlemania _c2014 _bHatje Cantz |
||
| 300 |
_a284p. _c23x32cm _bviene acompañado de un ejemplar mas pequeño en color anaranjado |
||
| 942 |
_2ddc _c1 _h700.74 _iG144b _n0 |
||
| 999 |
_c2361 _d2361 |
||